THE LANGUAGE OF LITERATURE / (Record no. 617191)

000 -LEADER
fixed length control field 00357nam a22001337a 4500
020 ## - INTERNATIONAL STANDARD BOOK NUMBER
Qualifying information HB.
040 ## - CATALOGING SOURCE
Transcribing agency FIZZA ISHAQ
082 ## - DEWEY DECIMAL CLASSIFICATION NUMBER
Classification number 808.0427
Author Mark AND
100 ## - MAIN ENTRY--PERSONAL NAME
Personal name BERMUDEZ,B.ANDREA.
9 (RLIN) 134218
245 ## - TITLE STATEMENT
Title THE LANGUAGE OF LITERATURE /
Statement of responsibility, etc. ANDREA B.BERMUDEZ.
260 ## - PUBLICATION, DISTRIBUTION, ETC.
Place of publication, distribution, etc. NEW YORK ;
Name of publisher, distributor, etc. McDOUGAL LITTELL,
Date of publication, distribution, etc. 2006.
300 ## - PHYSICAL DESCRIPTION
Extent 852 P. ;
Dimensions 10.6X8.4IN
942 ## - ADDED ENTRY ELEMENTS (KOHA)
Source of classification or shelving scheme
Koha item type Book
Holdings
Withdrawn status Lost status Source of classification or shelving scheme Damaged status Not for loan Permanent Location Current Location Shelving location Date acquired Total Checkouts Full call number Barcode Date last seen Price effective from Koha item type
          NUST Baluchistan Campus (NBC) NUST Baluchistan Campus (NBC) Text Books 04/20/2026   808.0427 AND QD-178 04/20/2026 04/20/2026 Book
© 2023 Central Library, National University of Sciences and Technology. All Rights Reserved.